The journal of African communications. (Record no. 160185)

MARC details
000 -LEADER
fixed length control field 01147nas a2200349 a 4500
003 - EG-GICUS
control field EG-GICUC
005 - DATE AND TIME OF LATEST TRANSACTION
control field 20250624114054.0
008 - FIXED-LENGTH DATA ELEMENTS--GENERAL INFORMATION
fixed length control field 210920s1996 mdufr p 000 0 eng d
022 ## - INTERNATIONAL STANDARD SERIAL NUMBER
International Standard Serial Number 1084-8142
040 ## - CATALOGING SOURCE
Original cataloging agency EG-GiCUC
Language of cataloging eng
Transcribing agency EG-GiCUC
Description conventions rda
049 ## - LOCAL HOLDINGS (OCLC)
Acquisition Source Gift
082 04 - DEWEY DECIMAL CLASSIFICATION NUMBER
Classification number 302.209605
Item number J863
Edition number 21
092 04 - LOCALLY ASSIGNED DEWEY CALL NUMBER (OCLC)
Classification number 302.209605
Item number J863
Edition number 21
099 ## - LOCAL FREE-TEXT CALL NUMBER (OCLC)
Classification number 04
-- 302.209605 J863
222 #0 - KEY TITLE
Key title The journal of African communications
245 10 - TITLE STATEMENT
Title The journal of African communications.
246 00 - VARYING FORM OF TITLE
Title proper/short title JAC
264 ## - PRODUCTION, PUBLICATION, DISTRIBUTION, MANUFACTURE, AND COPYRIGHT NOTICE
Place of production, publication, distribution, manufacture Bowie, MD :
Name of producer, publisher, distributor, manufacturer Dept. of Communications, Bowie State University,
Date of production, publication, distribution, manufacture, or copyright notice 1996-
300 ## - PHYSICAL DESCRIPTION
Extent v :
Other physical details ill;
Dimensions 21cm
310 ## - CURRENT PUBLICATION FREQUENCY
Current publication frequency
336 ## - CONTENT TYPE
Content type term text
Source rda content
337 ## - MEDIA TYPE
Media type term Unmediated
Source rdamedia
338 ## - CARRIER TYPE
Carrier type term volume
Source rdacarrier
362 1# - DATES OF PUBLICATION AND/OR SEQUENTIAL DESIGNATION
Dates of publication and/or sequential designation Vol. 1, no. 1 (fall 1996)-
500 ## - GENERAL NOTE
General note Title from cover.
541 ## - IMMEDIATE SOURCE OF ACQUISITION NOTE
Source of acquisition
--
Location Cairo ;
Date of acquisition 2020-01-01
650 ## - SUBJECT ADDED ENTRY--TOPICAL TERM
Topical term or geographic name entry element Africans
General subdivision Communication
Form subdivision Periodicals.
650 #0 - SUBJECT ADDED ENTRY--TOPICAL TERM
Topical term or geographic name entry element Communication
Geographic subdivision Africa
Form subdivision Periodicals.
710 2# - ADDED ENTRY--CORPORATE NAME
Corporate name or jurisdiction name as entry element Bowie State University.
Subordinate unit Department of Communications.
905 ## - LOCAL DATA ELEMENT E, LDE (RLIN)
Cataloger Abeer
Reviser Amro
942 ## - ADDED ENTRY ELEMENTS (KOHA)
Koha item type Continuing Resources
Suppress in OPAC No
999 ## -
-- 160185
-- 160185
Holdings
Barcode Full call number Home library Current library Source of classification or shelving scheme Copy number Koha item type Inventory number
0103011G003196000001 302.209605 J863 المكتبة المركزبة الجديدة - جامعة القاهرة قاعة الصحف والدوريات - الدور الثالث Dewey Decimal Classification v.1 n.1 Continuing Resources 13747411
Cairo University Libraries Portal Implemented & Customized by: Eng. M. Mohamady Contacts: new-lib@cl.cu.edu.eg | cnul@cl.cu.edu.eg
CUCL logo CNUL logo
© All rights reserved — Cairo University Libraries
CUCL logo
Implemented & Customized by: Eng. M. Mohamady Contact: new-lib@cl.cu.edu.eg © All rights reserved — New Central Library
CNUL logo
Implemented & Customized by: Eng. M. Mohamady Contact: cnul@cl.cu.edu.eg © All rights reserved — Cairo National University Library